000 00513nam a2200181Ia 4500
008 240925s9999 xx 000 0 und d
020 _a9789331328212
082 _a370.1 SIN
100 _aSingaravelu, G.
245 0 _aPhilosophical and Sociological Perspectives of Education
250 _aNA
260 _aNew Delhi:
_bA. P. H. Publishing Corporation
_c,2016.
300 _aVarious pages
_b0
_fOriginal
500 _aIncludes Index
600 _aSocial Sciences
650 _aSocial Sciences
942 _cBK
999 _c16881
_d16881